[Event "VIE-ch U09"]
[Site "Hai Phong"]
[Date "2018.07.12"]
[Round "8"]
[White "Le, Pham Minh Duc"]
[Black "Mao, Tuan Dung"]
[Result "1-0"]
[WhiteElo "1963"]
[BlackElo "1946"]
[PlyCount "76"]
[EventDate "2018.07.07"]
[EventType "swiss"]
[EventRounds "9"]
[EventCountry "VIE"]
[SourceTitle "EXT 2019"]
[Source "ChessBase"]
[SourceDate "2018.10.10"]
[SourceVersion "1"]
[SourceVersionDate "2018.10.10"]
[SourceQuality "1"]

1. d4 e6 2. c4 Nf6 3. Nc3 d5 4. Bg5 Nbd7 5. cxd5 exd5 6. Nf3 Be7 7. e3 c6 8. Bd3 0-0 9. 0-0 Re8 10. a3 h6 11. Bf4 Nf8 12. b4 Bg4 13. Qb3 Ne6 14. Bg3 Bxf3 15. gxf3 Ng5 16. Be2 Bd6 17. f4 Nge4 18. Nxe4 Nxe4 19. Rfd1 a6 20. a4 Qf6 21. b5 axb5 22. axb5 Rxa1 23. Rxa1 c5 24. Rd1 c4 25. Qc2 Qg6 26. Bf3 h5 27. f5 Qf6 28. Bxd6 Qxd6 29. Bxh5 Qd7 30. Bf3 Qxb5 31. Bxe4 Rxe4 32. Qe2 Qb3 33. Ra1 Kf8 34. Qh5 c3 35. Ra8+ Ke7 36. Qg5+ Kd6 37. Qd8+ Kc6 38. Qc8+ Kb6 1-0

[Event "VIE-ch U09"]
[Site "Hai Phong"]
[Date "2018.07.11"]
[Round "7"]
[White "Nguyen, Thai Son"]
[Black "Le, Pham Minh Duc"]
[Result "1/2-1/2"]
[WhiteElo "1965"]
[BlackElo "1963"]
[PlyCount "76"]
[EventDate "2018.07.07"]
[EventType "swiss"]
[EventRounds "9"]
[EventCountry "VIE"]
[SourceTitle "EXT 2019"]
[Source "ChessBase"]
[SourceDate "2018.10.10"]
[SourceVersion "1"]
[SourceVersionDate "2018.10.10"]
[SourceQuality "1"]

1. e4 c6 2. d4 d5 3. Nc3 dxe4 4. Nxe4 Bf5 5. Ng3 Bg6 6. Nf3 Nd7 7. h4 h6 8. h5 Bh7 9. Bd3 Bxd3 10. Qxd3 Ngf6 11. Bd2 Qc7 12. 0-0-0 0-0-0 13. Ne4 Nxe4 14. Qxe4 Nf6 15. Qe2 e6 16. Kb1 Bd6 17. c4 Kb8 18. Bc3 Rhe8 19. Ne5 Ka8 20. g3 c5 21. Rh4 a6 22. Qe1 cxd4 23. Rhxd4 Bxe5 24. Qxe5 Rxd4 25. Qxc7 Rxd1+ 26. Kc2 Rd7 27. Qb6 Red8 28. Bb4 Ne4 29. f3 Nd6 30. b3 Nc8 31. Qe3 Na7 32. Ba5 Rc8 33. Bb6 Nc6 34. a3 Ne7 35. Kb2 Rc6 36. g4 Rcd6 37. Kc2 Rc6 38. Bc5 Nd5 1/2-1/2